| 000 | 00580nam a2200193 i 4500 | ||
|---|---|---|---|
| 001 | 66296 | ||
| 003 | ES-MaACL | ||
| 005 | 20230906165606.0 | ||
| 007 | t| | ||
| 008 | 040203s1919 ag ||||1| spa d | ||
| 100 | 1 |
_aGalíndez, Bartolomé. _953423 |
|
| 245 | 1 | 3 |
_aLa Venecia dorada _b: poesías / _cde Bartolomé Galíndez. |
| 260 |
_aBuenos Aires : _b[s.n., _c1919] ( _fGerantes Hermanos) |
||
| 300 |
_a159 p. ; _c19 cm. |
||
| 490 | 1 | _aBiblioteca hispano-argentina | |
| 830 | 0 |
_aBiblioteca hispano-argentina _9230795 |
|
| 852 |
_aES-MaACL _jF-10355 |
||
| 999 |
_c66296 _d66296 |
||